| 000 | 00736nam a2200205 a 4500 | ||
|---|---|---|---|
| 005 | 20220909063556.0 | ||
| 008 | 991125s1997 mx 000 0 spa u | ||
| 035 | _aUPN01000000456 | ||
| 049 | _aTES | ||
| 099 | _a14498 | ||
| 100 | 1 | _aChan Peñasco, Aída | |
| 245 | 1 | 3 |
_aLa actitud crítica y reflexiva del docente del nivel preescolar en su práctica educativa / _cAída Chan Peñasco. |
| 260 |
_aCuliacán : _bA. Chan Peñasco, _c1997. |
||
| 300 | _a43 h. | ||
| 500 | _a"Unidad 25A" | ||
| 502 | _aTesina (Lic. en Educación Preescolar) -- Universidad Pedagógica Nacional, 1997 | ||
| 650 | 2 |
_aEducación preescolar _xMetodología _910519 |
|
| 710 | 2 |
_aUniversidad Pedagógica Nacional (México). _bUnidad 25A _928461 |
|
| 905 | _aTesis | ||
| 999 |
_c456 _d456 |
||